00289pab a2200121 454500008004000000100002100040245005100061260000900112300000800121362001000129650001400139773001400153180718b1998 xxu||||| |||| 00| 0 eng d aSingh, Satyindra aGovernor's role: is he an agent of the centre? c1998 ap.8 a6 Apr aGovernors aStatesman